| 000 | 01062cab a2200313 4500 | ||
|---|---|---|---|
| 001 | ABS49275 | ||
| 008 | 090401t1993 xxu||||| |||| 00| 0 eng d | ||
| 035 | _a(Sirsi) u70673 | ||
| 041 | _aeng | ||
| 100 | _aPowell-Smith, V. | ||
| 245 | _aWhat is `failure to certify`? | ||
| 260 | _c1993 | ||
| 350 | _a0 | ||
| 490 |
_aContract Journal _v396 (5940) 2 September 1993, 8(1) |
||
| 520 | _aDiscusses the "Borough of Kingston-upon-Thames v Amec Civil Engineering Ltd" 1993 decision on the `failure to certify` under Clause 60(2) of ICE Conditions 5th edition. | ||
| 650 | _aCIVIL ENGINEERING CONTRACTS | ||
| 650 | _aCLAIMS | ||
| 650 | _aCONTRACT CLAIMS | ||
| 650 | _aFAILURE TO CERTIFY | ||
| 650 | _aFINANCING COSTS | ||
| 650 | _aICE CONDITIONS OF CONTRACT (FIFTH EDITION) | ||
| 650 | _aINTEREST | ||
| 650 | _aMORGAN GRENFELL (LOCAL AUTHORITY FINANCE LTD | ||
| 650 | _aSEVEN SEAS DREDGING LTD | ||
| 650 | _aSOS TRANSPORT V BIRSE-FARR JOINT VENTURE | ||
| 690 | _aBUILT ENVIRONMENT-BUILDING CONTRACT FORMS | ||
| 942 | _n0 | ||
| 948 | _c04/03/1997 | ||
| 999 |
_c44476 _d44476 |
||